| 000 | 00473nam a2200157 i 4500 | ||
|---|---|---|---|
| 001 | 65415 | ||
| 003 | ES-MaACL | ||
| 005 | 20230906165350.0 | ||
| 007 | t| | ||
| 008 | 040113s1969 sp ||||1| spa d | ||
| 100 | 1 |
_aFrescaroli, Antonio. _952530 |
|
| 245 | 1 | 3 |
_aLa gestapo _b: atrocidades y secretos de la inquisición nazi / _cAntonio Frescaroli. |
| 260 |
_aBarcelona : _bDe Vecchi, _c[1969] |
||
| 300 |
_a791 p. : _bil. ; _c25 cm. |
||
| 852 |
_aES-MaACL _jC-37406 _bR.72074 |
||
| 999 |
_c65415 _d65415 |
||